000 00468nab a2200145Ia 4500
003 ES-SlBCS
005 20210601142700.0
008 140529s2010 xxu||||| |||| 00| 0 spa d
041 _aspa
100 1 _aSturm, Matthew
_9273654
245 0 0 _aCalentamiento y vegetación ártica
_c Matthew Sturm
650 0 4 _aCalentamiento Global
_9128215
773 0 _tInvestigacion y Ciencia (Traducción de: Scientific American)
_gnº. 406, 2010, págs. 44-51
_wRev1650
942 _cAR
999 _c680488
_d680488